| 000 | 00763cam a2200169K 4500 | ||
|---|---|---|---|
| 082 |
_a629.203 _bDYK _cL-17, P-9 |
||
| 100 | 1 |
_aDyke, A. L. _944354 |
|
| 245 | 1 | 0 |
_aDyke's automobile and gasoline engine encyclopedia _bthe elementary principles, construction, operation and repair of automobiles, gasoline engines and automobile electric systems; including trucks, tractors, and motorcycles, simple, thorough and practical, _cby A.L. Dyke. |
| 250 | _a13th ed., | ||
| 260 |
_aChicago, _bGoodheart-Willcox Co., _c1924. |
||
| 300 |
_a1 online resource (1226 p.) _billus. |
||
| 526 |
_a0 _b0 _c0 _d629_203000000000000_DYK |
||
| 650 | 0 |
_aAutomobiles. _938699 |
|
| 650 | 0 |
_aMCE _9379 |
|
| 856 | 4 | 0 | _uhttp://catalog.hathitrust.org/api/volumes/oclc/414290.html |
| 942 |
_2ddc _cBK |
||
| 999 |
_c548172 _d548172 |
||